00471nam a2200181 a 450000100060000000300090000600800410001502000150005604000280007108200090009910000350010824500230014326000310016630000070019749000310020465000230023565000310025821959CO-ViMGA141112s2004 ck r 000 u spa d a8476470118 aCO-ViMGAbspacCO-ViMGA04aRODm1 aRodríguez Almodovar, Antonio10aEl mono caprichoso aMadrid : bAlgaida, c1985 a15 aCuentos de media lunita; 114aCUENTOS INFANTILES14aMONOS - CUENTOS INFANTILES